[Event "CP-2011-P-00036"]
[Site "LSS email"]
[Date "2011.09.30"]
[Round "?"]
[White "Trevis, Robert R"]
[Black "Guzairov, Artur"]
[Result "1-0"]
[WhiteElo "1098"]
[BlackElo "1465"]
[PlyCount "45"]
[EventDate "2011.10.01"]
[EventType "tourn (corr)"]
[EventRounds "6"]
[EventCountry "GER"]
[SourceTitle "Telechess CBM 153"]
[Source "ChessBase"]
[SourceDate "2013.03.14"]
[SourceVersion "1"]
[SourceVersionDate "2013.03.14"]
[SourceQuality "1"]

1. e4 e6 2. d4 d5 3. Nd2 Nc6 4. Ngf3 Nf6 5. e5 Nd7 6. Nb3 b6 7. Be3 a5 8. Bb5 Na7 9. Be2 Bb7 10. 0-0 c5 11. Bg5 Qc7 12. c3 h6 13. Bf4 Be7 14. a4 Nc6 15. Bg3 Ba6 16. Bxa6 Rxa6 17. Qe2 Ra7 18. c4 h5 19. cxd5 exd5 20. e6 Qc8 21. exd7+ Rxd7 22. dxc5 bxc5 23. Nxc5 1-0

[Event "SD-2011-0-00114"]
[Site "LSS email"]
[Date "2011.09.23"]
[Round "?"]
[White "Bienkowski, Alejandro"]
[Black "Guzairov, Artur"]
[Result "1-0"]
[WhiteElo "1806"]
[BlackElo "1465"]
[PlyCount "23"]
[EventDate "2011.08.10"]
[EventType "tourn (corr)"]
[EventRounds "6"]
[EventCountry "GER"]
[SourceTitle "Corr 2015"]
[Source "ChessBase"]
[SourceDate "2015.07.17"]
[SourceVersion "1"]
[SourceVersionDate "2015.07.17"]
[SourceQuality "1"]

1. e4 e6 2. d4 d5 3. Nc3 dxe4 4. Nxe4 b6 5. Bb5+ Bd7 6. a4 Nf6 7. Qf3 Nd5 8. Ne2 Nc6 9. 0-0 Be7 10. Qg3 Kf8 11. c4 Ndb4 12. Bf4 1-0

[Event "SD-2011-0-00114"]
[Site "LSS email"]
[Date "2011.09.23"]
[Round "?"]
[White "Kiryushin, Anatoly"]
[Black "Guzairov, Artur"]
[Result "1-0"]
[WhiteElo "1766"]
[BlackElo "1465"]
[PlyCount "37"]
[EventDate "2011.08.10"]
[EventType "tourn (corr)"]
[EventRounds "6"]
[EventCountry "GER"]
[SourceTitle "Corr 2015"]
[Source "ChessBase"]
[SourceDate "2015.07.17"]
[SourceVersion "1"]
[SourceVersionDate "2015.07.17"]
[SourceQuality "1"]

1. d4 Nf6 2. c4 e6 3. Nc3 d5 4. Nf3 c6 5. Bg5 dxc4 6. e4 b5 7. e5 h6 8. Bh4 g5 9. Nxg5 hxg5 10. Bxg5 Be7 11. exf6 Bxf6 12. Bxf6 Qxf6 13. a4 Rh4 14. axb5 Rxd4 15. Qh5 Bb7 16. Be2 Nd7 17. 0-0 Ne5 18. f4 Nd3 19. Bf3 1-0

[Event "SD-2011-0-00114"]
[Site "LSS email"]
[Date "2011.09.21"]
[Round "?"]
[White "Guzairov, Artur"]
[Black "Nicolaescu, Nicolae"]
[Result "0-1"]
[WhiteElo "1465"]
[BlackElo "1696"]
[PlyCount "22"]
[EventDate "2011.08.10"]
[EventType "tourn (corr)"]
[EventRounds "6"]
[EventCountry "GER"]
[SourceTitle "Corr 2015"]
[Source "ChessBase"]
[SourceDate "2015.07.17"]
[SourceVersion "1"]
[SourceVersionDate "2015.07.17"]
[SourceQuality "1"]

1. d4 Nf6 2. c4 g6 3. Nc3 d5 4. cxd5 Nxd5 5. e4 Nxc3 6. bxc3 Bg7 7. Ba3 0-0 8. Nf3 b6 9. Bc4 Bb7 10. e5 Nc6 11. 0-0 Re8 0-1

[Event "RD-2011-0-00055"]
[Site "LSS email"]
[Date "2011.09.18"]
[Round "?"]
[White "Taroma Corpus, Roger"]
[Black "Guzairov, Artur"]
[Result "1-0"]
[WhiteElo "1555"]
[BlackElo "1459"]
[PlyCount "51"]
[EventDate "2011.04.19"]
[EventType "tourn (corr)"]
[EventRounds "6"]
[EventCountry "GER"]
[SourceTitle "Telechess CBM 157"]
[Source "ChessBase"]
[SourceDate "2013.11.12"]
[SourceVersion "1"]
[SourceVersionDate "2013.11.12"]
[SourceQuality "1"]

1. e4 e5 2. Bc4 Nf6 3. d3 Bc5 4. h3 Nc6 5. Nf3 d6 6. Bg5 Qe7 7. Nc3 Be6 8. Nd5 Bxd5 9. exd5 Nb8 10. Nh4 Nbd7 11. Nf5 Qf8 12. Bb5 0-0-0 13. Qf3 e4 14. dxe4 Ne5 15. Qe2 a6 16. Bxa6 bxa6 17. Qxa6+ Kb8 18. Bxf6 gxf6 19. 0-0-0 Rg8 20. Nd4 Bxd4 21. Rxd4 Nd7 22. a4 Qh6+ 23. Kb1 Rxg2 24. Rb4+ Nb6 25. a5 Qd2 26. axb6 1-0

[Event "RD-2011-0-00055"]
[Site "LSS email"]
[Date "2011.09.15"]
[Round "?"]
[White "Draba, Henryk"]
[Black "Guzairov, Artur"]
[Result "1-0"]
[WhiteElo "1600"]
[BlackElo "1459"]
[PlyCount "53"]
[EventDate "2011.04.19"]
[EventType "tourn (corr)"]
[EventRounds "6"]
[EventCountry "GER"]
[SourceTitle "Telechess CBM 157"]
[Source "ChessBase"]
[SourceDate "2013.11.12"]
[SourceVersion "1"]
[SourceVersionDate "2013.11.12"]
[SourceQuality "1"]

1. e4 e6 2. d4 d5 3. Nc3 dxe4 4. Nxe4 b6 5. Nf3 Bb7 6. Bb5+ Bc6 7. a4 Nf6 8. Nxf6+ Qxf6 9. Ne5 Bxb5 10. axb5 Bd6 11. Qe2 Bxe5 12. dxe5 Qf5 13. f4 f6 14. g4 Qg6 15. f5 Qf7 16. Qe4 c6 17. exf6 Qxf6 18. bxc6 0-0 19. c7 Nd7 20. 0-0 Nc5 21. Qc4 Kh8 22. Bd2 exf5 23. Rxf5 Qe7 24. Qf4 Ne6 25. Bb4 Rxf5 26. gxf5 Qxc7 27. Qe4 1-0

[Event "RD-2011-0-00055"]
[Site "LSS email"]
[Date "2011.09.14"]
[Round "?"]
[White "Guzairov, Artur"]
[Black "Polastri, Antonio"]
[Result "0-1"]
[WhiteElo "1459"]
[BlackElo "1720"]
[PlyCount "46"]
[EventDate "2011.04.19"]
[EventType "tourn (corr)"]
[EventRounds "6"]
[EventCountry "GER"]
[SourceTitle "Telechess CBM 157"]
[Source "ChessBase"]
[SourceDate "2013.11.12"]
[SourceVersion "1"]
[SourceVersionDate "2013.11.12"]
[SourceQuality "1"]

1. e4 c5 2. Nf3 Nc6 3. Bb5 g6 4. h4 Nf6 5. Bxc6 bxc6 6. d3 Bg7 7. Nbd2 0-0 8. Qe2 d6 9. Nc4 d5 10. Ncd2 a5 11. a4 dxe4 12. Nxe4 Nxe4 13. Qxe4 Qd5 14. Nd2 Rb8 15. Nc4 Qxe4+ 16. dxe4 Rb4 17. Nxa5 Rxe4+ 18. Kf1 Rd8 19. g3 c4 20. h5 Rd5 21. Nxc6 Rd1+ 22. Kg2 Rxh1 23. Kxh1 Re1+ 0-1

[Event "SC-2011-0-00087"]
[Site "LSS email"]
[Date "2011.01.29"]
[Round "?"]
[White "Sherwood, Russell"]
[Black "Guzairov, Artur"]
[Result "1-0"]
[WhiteElo "1862"]
[BlackElo "1570"]
[PlyCount "101"]
[EventDate "2011.01.05"]
[EventType "tourn (corr)"]
[EventRounds "6"]
[EventCountry "GER"]
[SourceTitle "Telechess CBM 147"]
[Source "ChessBase"]
[SourceDate "2012.03.16"]
[SourceVersion "1"]
[SourceVersionDate "2012.03.16"]
[SourceQuality "1"]

1. e4 e5 2. Nf3 Nc6 3. Bb5 g6 4. c3 Bg7 5. 0-0 Nge7 6. d4 d6 7. dxe5 dxe5 8. Qxd8+ Kxd8 9. Be3 h6 10. Nbd2 Be6 11. a4 g5 12. Bc4 Bxc4 13. Nxc4 Ng6 14. Rfd1+ Ke7 15. Bc5+ Ke6 16. Ne3 Bf8 17. Bxf8 Rhxf8 18. g3 Rad8 19. Nf5 g4 20. Nd2 h5 21. f3 Na5 22. Rab1 h4 23. fxg4 hxg3 24. hxg3 Rd3 25. Kf2 Rfd8 26. Ke2 b6 27. g5 R3d7 28. b4 Nb7 29. Ng7+ Ke7 30. Nf5+ Ke6 31. Ng7+ Ke7 32. Nc4 Rxd1 33. Nf5+ Ke6 34. Rxd1 Rxd1 35. Kxd1 Nd6 36. Ncxd6 cxd6 37. Ke2 Nf8 38. Kf3 d5 39. Ng7+ Kd6 40. Ke3 dxe4 41. Ne8+ Kd5 42. Nf6+ Kc4 43. Nxe4 a5 44. Nd6+ Kb3 45. bxa5 bxa5 46. Nxf7 Kxa4 47. Nd6 Nh7 48. g6 Nf6 49. g7 Kb3 50. Kd3 Ng8 51. Nb7 1-0

[Event "LSS No Engine Cup 34 Preliminary 4"]
[Site "LSS email"]
[Date "2011.01.08"]
[Round "?"]
[White "Guzairov, Artur"]
[Black "Bester, Kazimierz"]
[Result "1-0"]
[WhiteElo "1559"]
[BlackElo "689"]
[PlyCount "27"]
[EventDate "2011.01.09"]
[EventType "tourn (corr)"]
[EventRounds "6"]
[EventCountry "GER"]
[SourceTitle "Corr 2015"]
[Source "ChessBase"]
[SourceDate "2015.07.17"]
[SourceVersion "1"]
[SourceVersionDate "2015.07.17"]
[SourceQuality "1"]

1. c4 d5 2. cxd5 Qxd5 3. Nc3 Qa5 4. g3 Nc6 5. Bg2 Bd7 6. a3 Nf6 7. Nf3 0-0-0 8. 0-0 Bf5 9. d3 e5 10. Bd2 Bg4 11. b4 Qb6 12. Be3 Nd4 13. Nxe5 Qd6 14. Nxf7 1-0

[Event "LSS No Engine Cup 34 Preliminary 4"]
[Site "LSS email"]
[Date "2011.01.08"]
[Round "?"]
[White "Guzairov, Artur"]
[Black "Potemri, Stefan"]
[Result "0-1"]
[WhiteElo "1559"]
[BlackElo "1638"]
[PlyCount "36"]
[EventDate "2011.01.09"]
[EventType "tourn (corr)"]
[EventRounds "6"]
[EventCountry "GER"]
[SourceTitle "Telechess CBM 147"]
[Source "ChessBase"]
[SourceDate "2012.03.16"]
[SourceVersion "1"]
[SourceVersionDate "2012.03.16"]
[SourceQuality "1"]

1. d4 d5 2. c4 e6 3. Nc3 Bb4 4. Qa4+ Nc6 5. Bf4 Bd7 6. Qd1 dxc4 7. e4 Nf6 8. f3 b5 9. a4 a6 10. Kf2 Nh5 11. axb5 Na5 12. Be5 f6 13. Na2 Be7 14. f4 g6 15. Be2 fxe5 16. Bxh5 Nb3 17. Rb1 0-0 18. Be2 axb5 0-1

[Event "ZI-2010-0-00846"]
[Site "LSS email"]
[Date "2011.01.08"]
[Round "?"]
[White "Guzairov, Artur"]
[Black "Ziegler, Pio"]
[Result "0-1"]
[WhiteElo "1596"]
[BlackElo "1908"]
[PlyCount "62"]
[EventDate "2010.12.21"]
[EventType "match (corr)"]
[EventRounds "2"]
[EventCountry "GER"]
[SourceTitle "Telechess CBM 145"]
[Source "Chessbase"]
[SourceDate "2011.11.11"]
[SourceVersion "1"]
[SourceVersionDate "2011.11.11"]
[SourceQuality "1"]

1. d4 Nf6 2. c4 g6 3. Nc3 Bg7 4. e4 d6 5. d5 0-0 6. Bd3 Na6 7. Nge2 c6 8. 0-0 e6 9. a3 exd5 10. exd5 cxd5 11. cxd5 Nc5 12. Bc2 Re8 13. Ng3 Bg4 14. f3 Bd7 15. b4 Nh5 16. Nge2 Rxe2 17. Nxe2 Bxa1 18. g4 Nf6 19. bxc5 dxc5 20. Be3 Qe7 21. Bg5 Be5 22. f4 Bb2 23. f5 Qd6 24. fxg6 hxg6 25. Qb1 Re8 26. Qxb2 Rxe2 27. Rf2 Rxf2 28. Kxf2 Qxh2+ 29. Ke1 Ne4 30. Qxb7 Qf2+ 31. Kd1 Qf1# 0-1

[Event "LSS No Engine Cup 34 Preliminary 4"]
[Site "LSS email"]
[Date "2011.01.08"]
[Round "?"]
[White "Schnoewitz, Brigitte"]
[Black "Guzairov, Artur"]
[Result "1-0"]
[WhiteElo "1061"]
[BlackElo "1559"]
[PlyCount "41"]
[EventDate "2011.01.09"]
[EventType "tourn (corr)"]
[EventRounds "6"]
[EventCountry "GER"]
[SourceTitle "Telechess CBM 147"]
[Source "ChessBase"]
[SourceDate "2012.03.16"]
[SourceVersion "1"]
[SourceVersionDate "2012.03.16"]
[SourceQuality "1"]

1. d4 d5 2. e3 Bf5 3. c4 c6 4. Nc3 e6 5. Nf3 Nf6 6. Be2 Nbd7 7. 0-0 h6 8. cxd5 cxd5 9. Qa4 Bd6 10. Ne5 0-0 11. Nxd7 Nxd7 12. a3 Nb6 13. Qb3 Rc8 14. Bd2 h5 15. Rfc1 h4 16. h3 Qg5 17. Kh1 Bb8 18. Qd1 Nc4 19. Bxc4 Rxc4 20. e4 Rxd4 21. Bxg5 1-0

[Event "LSS SC-2010-0-00083"]
[Site "LSS email"]
[Date "2011.01.06"]
[Round "?"]
[White "Vio, Mauro"]
[Black "Guzairov, Artur"]
[Result "1/2-1/2"]
[WhiteElo "1557"]
[BlackElo "1549"]
[PlyCount "96"]
[EventDate "2010.11.25"]
[EventType "tourn (corr)"]
[EventRounds "6"]
[EventCountry "GER"]
[SourceTitle "Telechess CBM 149"]
[Source "ChessBase"]
[SourceDate "2012.07.17"]
[SourceVersion "1"]
[SourceVersionDate "2012.07.17"]
[SourceQuality "1"]

1. d4 Nf6 2. Nf3 d5 3. Bf4 e6 4. e3 c5 5. Bxb8 Rxb8 6. Bb5+ Bd7 7. Bxd7+ Nxd7 8. 0-0 Qb6 9. b3 Be7 10. dxc5 Nxc5 11. Nd4 0-0 12. Nd2 Bf6 13. Rc1 e5 14. Nf5 Qe6 15. Qf3 g6 16. Ng3 e4 17. Qe2 b5 18. f3 exf3 19. Nxf3 Rfe8 20. Rcd1 Nd7 21. Rfe1 b4 22. Qf2 Bc3 23. Re2 f5 24. Nd4 Qa6 25. Qf4 Ne5 26. Rf2 Qxa2 27. Nge2 Bxd4 28. Nxd4 Qa6 29. Qg3 Kh8 30. h3 Rbc8 31. Rf4 Rc3 32. Qf2 Nf7 33. Nf3 Qc6 34. Rxb4 Rcxe3 35. Nd4 Qc7 36. Rb5 R3e5 37. Nf3 Re2 38. Rc5 Qb8 39. Qd4+ Kg8 40. Rd2 Re1+ 41. Kf2 R1e4 42. Qxd5 Qf4 43. Rc3 Rd8 44. Qxd8+ Nxd8 45. Rxd8+ Kf7 46. Rd7+ Re7 47. Rcd3 Qc1 48. Rd2 a5 1/2-1/2

[Event "LSS SC-2010-0-00083"]
[Site "LSS email"]
[Date "2011.01.02"]
[Round "?"]
[White "Guzairov, Artur"]
[Black "Somogyi, Gabor"]
[Result "1/2-1/2"]
[WhiteElo "1549"]
[BlackElo "1662"]
[PlyCount "52"]
[EventDate "2010.11.25"]
[EventType "tourn (corr)"]
[EventRounds "6"]
[EventCountry "GER"]
[SourceTitle "Telechess CBM 149"]
[Source "ChessBase"]
[SourceDate "2012.07.17"]
[SourceVersion "1"]
[SourceVersionDate "2012.07.17"]
[SourceQuality "1"]

1. e4 c5 2. c3 Nc6 3. d4 cxd4 4. cxd4 d5 5. exd5 Qxd5 6. Nf3 e5 7. Nc3 Bb4 8. Bd2 Bxc3 9. Bxc3 e4 10. Ne5 Nxe5 11. dxe5 Ne7 12. Qe2 0-0 13. Rd1 Qc6 14. Bb4 Re8 15. Bxe7 Rxe7 16. Rd8+ Re8 17. Rxe8+ Qxe8 18. Qxe4 Be6 19. Bd3 g6 20. Qe3 Qa4 21. 0-0 Qxa2 22. Qd4 Qa5 23. f4 Rd8 24. Qe3 h6 25. h3 b6 26. Qg3 Bc4 1/2-1/2

[Event "LSS RA-2010-0-00113"]
[Site "LSS email"]
[Date "2010.12.24"]
[Round "?"]
[White "Guzairov, Artur"]
[Black "Caillet, Serge"]
[Result "1/2-1/2"]
[WhiteElo "1563"]
[BlackElo "2032"]
[PlyCount "56"]
[EventDate "2010.10.31"]
[EventType "tourn (corr)"]
[EventRounds "6"]
[EventCountry "GER"]
[SourceTitle "Telechess CBM 145"]
[Source "Chessbase"]
[SourceDate "2011.11.11"]
[SourceVersion "1"]
[SourceVersionDate "2011.11.11"]
[SourceQuality "1"]

1. d4 g6 2. Nf3 Bg7 3. Bf4 c5 4. e3 Qb6 5. Nc3 Nf6 6. Rb1 cxd4 7. exd4 0-0 8. Be2 d5 9. 0-0 Nc6 10. Re1 Bg4 11. Na4 Qa5 12. c3 Nh5 13. b4 Qd8 14. Be3 Nf6 15. Qb3 Re8 16. Nc5 Qc7 17. h3 Bxf3 18. Bxf3 e5 19. Bxd5 Nxd5 20. Qxd5 exd4 21. Bxd4 Rxe1+ 22. Rxe1 Rd8 23. Qf3 Bxd4 24. cxd4 Nxb4 25. Ne4 Nd5 26. Nf6+ Nxf6 27. Qxf6 Qb6 28. Qxb6 axb6 1/2-1/2

[Event "LSS RA-2010-0-00113"]
[Site "LSS email"]
[Date "2010.12.23"]
[Round "?"]
[White "Guzairov, Artur"]
[Black "Stepanov, Konstantin Vasiliev"]
[Result "0-1"]
[WhiteElo "1563"]
[BlackElo "2072"]
[PlyCount "30"]
[EventDate "2010.10.31"]
[EventType "tourn (corr)"]
[EventRounds "6"]
[EventCountry "GER"]
[SourceTitle "Corr 2013"]
[Source "ChessBase"]
[SourceDate "2012.11.12"]
[SourceVersion "1"]
[SourceVersionDate "2012.11.12"]
[SourceQuality "1"]

1. b3 d5 2. Bb2 Nf6 3. e3 g6 4. Nf3 Bg7 5. Be2 0-0 6. 0-0 Nc6 7. d4 Bf5 8. a3 Ne4 9. Nh4 Be6 10. f3 Nd6 11. g3 Bh3 12. Ng2 Nf5 13. Qd3 e5 14. g4 exd4 15. e4 Bxg2 0-1

[Event "LSS SA-2010-0-00167"]
[Site "LSS email"]
[Date "2010.11.30"]
[Round "?"]
[White "Figura, Atila Gajo"]
[Black "Guzairov, Artur"]
[Result "1-0"]
[WhiteElo "2085"]
[BlackElo "1691"]
[PlyCount "51"]
[EventDate "2010.11.10"]
[EventType "tourn (corr)"]
[EventRounds "6"]
[EventCountry "GER"]
[SourceTitle "Telechess CBM 143"]
[Source "ChessBase"]
[SourceDate "2011.07.15"]
[SourceVersion "1"]
[SourceVersionDate "2011.07.15"]
[SourceQuality "1"]

1. e4 e5 2. Nf3 Nc6 3. Bc4 Bc5 4. 0-0 Nf6 5. d4 exd4 6. e5 Ng4 7. Bf4 d6 8. exd6 cxd6 9. Re1+ Kf8 10. h3 Nf6 11. a3 a5 12. Nbd2 Bf5 13. Nb3 Qb6 14. Bd3 Be6 15. Nxc5 dxc5 16. Ng5 Bd5 17. c4 h6 18. cxd5 hxg5 19. Bd6+ Kg8 20. dxc6 Qxc6 21. Be5 c4 22. Bxf6 gxf6 23. Rc1 c3 24. bxc3 dxc3 25. Be4 Qc5 26. Bxb7 1-0

[Event "LSS SA-2010-0-00167"]
[Site "LSS email"]
[Date "2010.11.30"]
[Round "?"]
[White "Guzairov, Artur"]
[Black "Daanen, Aard"]
[Result "0-1"]
[WhiteElo "1549"]
[BlackElo "2153"]
[PlyCount "32"]
[EventDate "2010.11.10"]
[EventType "tourn (corr)"]
[EventRounds "6"]
[EventCountry "GER"]
[SourceTitle "Corr 2015"]
[Source "ChessBase"]
[SourceDate "2015.07.17"]
[SourceVersion "1"]
[SourceVersionDate "2015.07.17"]
[SourceQuality "1"]

1. d4 d5 2. c4 e6 3. Nc3 c6 4. Bf4 dxc4 5. e3 b5 6. a4 Qb6 7. axb5 cxb5 8. d5 Nf6 9. d6 Nbd7 10. Nf3 Bb7 11. b3 Bxf3 12. Qxf3 Rd8 13. bxc4 Bxd6 14. Nxb5 Ne5 15. Bxe5 Bxe5 16. Rxa7 Bc3+ 0-1

[Event "OP-2010-0-01326"]
[Site "LSS email"]
[Date "2010.11.29"]
[Round "?"]
[White "Guzairov, Artur"]
[Black "Lombardi, Donato"]
[Result "1-0"]
[WhiteElo "2050"]
[BlackElo "1700"]
[PlyCount "59"]
[EventDate "2010.11.23"]
[EventType "tourn (corr)"]
[EventRounds "4"]
[EventCountry "GER"]
[SourceTitle "Telechess CBM 143"]
[Source "ChessBase"]
[SourceDate "2011.07.15"]
[SourceVersion "1"]
[SourceVersionDate "2011.07.15"]
[SourceQuality "1"]

1. d4 d5 2. c4 e6 3. Nc3 Nf6 4. Bg5 Nbd7 5. e3 Bb4 6. cxd5 Bxc3+ 7. bxc3 exd5 8. Nf3 h6 9. Bh4 Qe7 10. Bd3 0-0 11. 0-0 c5 12. Bf5 Qd6 13. Qc1 Re8 14. Qa3 b6 15. Rfd1 Ne4 16. Bxd7 Bxd7 17. dxc5 Qxc5 18. Qxc5 bxc5 19. c4 Ba4 20. Rxd5 Rab8 21. Ne5 Nc3 22. Rxc5 Nxa2 23. Nc6 Bxc6 24. Rxc6 Nb4 25. Rc7 Nc2 26. Rc1 Re4 27. Bg3 Na3 28. h3 Rb4 29. Bd6 Rb1 30. Bxa3 1-0

[Event "OP-2010-0-01326"]
[Site "LSS email"]
[Date "2010.11.29"]
[Round "?"]
[White "Shim Ng Min, Francis"]
[Black "Guzairov, Artur"]
[Result "1-0"]
[WhiteElo "1285"]
[BlackElo "2050"]
[PlyCount "53"]
[EventDate "2010.11.23"]
[EventType "tourn (corr)"]
[EventRounds "4"]
[EventCountry "GER"]
[SourceTitle "Telechess CBM 143"]
[Source "ChessBase"]
[SourceDate "2011.07.15"]
[SourceVersion "1"]
[SourceVersionDate "2011.07.15"]
[SourceQuality "1"]

1. e4 e6 2. d4 d5 3. Nc3 Bb4 4. e5 b6 5. a3 Bf8 6. Nf3 Qd7 7. Bb5 Nc6 8. 0-0 Bb7 9. Na2 a5 10. Qd3 Nge7 11. c3 Nf5 12. Bf4 Be7 13. Nc1 0-0 14. Ne2 Qc8 15. Ng3 Na7 16. Nxf5 exf5 17. Rfe1 Nxb5 18. Qxb5 c6 19. Qe2 Ba6 20. Qd2 a4 21. Bg5 Re8 22. Bxe7 Rxe7 23. Qg5 Qe6 24. Nh4 g6 25. Nxf5 Rc7 26. Nh6+ Kg7 27. Ng4 1-0